[Event "42. Torneo Capablanca In Memoriam-Open"]
[Site "La Habana CUB"]
[Date "2007.05.18"]
[Round "1.24"]
[White "Barrientos, Sergio"]
[Black "Llaudy Pupo, Lisandra"]
[Result "1-0"]
[WhiteElo "2428"]
[BlackElo "2245"]
[PlyCount "73"]
[EventDate "2007.05.18"]
[EventType "swiss"]
[EventRounds "9"]
[EventCountry "CUB"]
[Source "lmi"]
[SourceDate "2007.05.18"]

1. e4 Nf6 2. e5 Nd5 3. c4 Nb6 4. c5 Nd5 5. Nc3 e6 6. d4 d6 7. cxd6 cxd6 8. Nf3
Nc6 9. exd6 Bxd6 10. Bc4 O-O 11. O-O b6 12. Re1 Bb7 13. Nxd5 exd5 14. Bd3 h6
15. Bd2 Qf6 16. Bc3 Rfe8 17. Qb3 Ne7 18. Bb5 Red8 19. a4 Ng6 20. Ne5 Bxe5 21.
dxe5 Qg5 22. Bd4 Nf4 23. Qf3 Ne6 24. Qe3 Qxe3 25. fxe3 Rdc8 26. a5 Rc2 27. Re2
Rxe2 28. Bxe2 Nxd4 29. exd4 Kf8 30. a6 Bc6 31. Rc1 Rc8 32. Bg4 Rc7 33. b4 b5
34. Bf3 Rc8 35. Bxd5 Bd7 36. Rxc8+ Bxc8 37. Bb7 1-0

[Event "42. Torneo Capablanca In Memoriam-Open"]
[Site "La Habana CUB"]
[Date "2007.05.18"]
[Round "1.25"]
[White "Linares Napoles, Oleiny"]
[Black "Gongora Reyes, Maikel"]
[Result "0-1"]
[WhiteElo "2241"]
[BlackElo "2422"]
[PlyCount "72"]
[EventDate "2007.05.18"]
[EventType "swiss"]
[EventRounds "9"]
[EventCountry "CUB"]
[Source "lmi"]
[SourceDate "2007.05.18"]

1. e4 e5 2. Nf3 Nc6 3. Bb5 a6 4. Ba4 Nf6 5. O-O b5 6. Bb3 Bc5 7. a4 Rb8 8. c3
d6 9. d4 Bb6 10. Na3 O-O 11. axb5 axb5 12. Nxb5 Bg4 13. Be3 exd4 14. cxd4 Nxe4
15. Bd5 Qe8 16. Qc2 Bxf3 17. Bxc6 Qe6 18. gxf3 Qg6+ 19. Bg5 Nxg5 20. Qxg6 hxg6
21. Rfd1 Ne6 22. Ra4 g5 23. Rc4 Nf4 24. Kf1 g6 25. Nc3 Kg7 26. Nd5 Nxd5 27.
Bxd5 Rh8 28. Re1 Kf6 29. Kg2 Rh7 30. Ra4 Rbh8 31. Rh1 Rh4 32. Be4 Kg7 33. d5 g4
34. f4 f5 35. Bc2 Bxf2 36. Ra3 g3 0-1

[Event "42. Torneo Capablanca In Memoriam-Open"]
[Site "La Habana CUB"]
[Date "2007.05.18"]
[Round "1.26"]
[White "Perez Garcia, Rodney"]
[Black "Garcia Pantoja, Roberto"]
[Result "1-0"]
[WhiteElo "2421"]
[BlackElo "2230"]
[PlyCount "61"]
[EventDate "2007.05.18"]
[EventType "swiss"]
[EventRounds "9"]
[EventCountry "CUB"]
[Source "lmi"]
[SourceDate "2007.05.18"]

1. e4 e6 2. d4 d5 3. Nc3 Nf6 4. Bg5 Be7 5. e5 Nfd7 6. Bxe7 Qxe7 7. f4 a6 8. Nf3
c5 9. Qd2 Nc6 10. dxc5 Qxc5 11. O-O-O b5 12. h4 b4 13. Ne2 a5 14. Ned4 Rb8 15.
f5 Nxd4 16. Nxd4 Nxe5 17. Qg5 Nc6 18. Qxg7 Rf8 19. fxe6 Bxe6 20. Nxc6 Qxc6 21.
Bd3 a4 22. Bxh7 b3 23. a3 bxc2 24. Rd2 Kd7 25. Rxc2 Qb6 26. Kb1 Rfc8 27. Bf5
Ke7 28. Bxe6 Qxe6 29. Rf2 Rc4 30. Rhf1 Rf8 31. Rf6 1-0

[Event "42. Torneo Capablanca In Memoriam-Open"]
[Site "La Habana CUB"]
[Date "2007.05.18"]
[Round "1.27"]
[White "Ordaz Valdes, Lisandra"]
[Black "Duarte, Leonardo"]
[Result "1-0"]
[WhiteElo "2222"]
[BlackElo "2420"]
[PlyCount "56"]
[EventDate "2007.05.18"]
[EventType "swiss"]
[EventRounds "9"]
[EventCountry "CUB"]
[Source "lmi"]
[SourceDate "2007.05.18"]

1. c4 Nf6 2. Nc3 e5 3. g3 d5 4. cxd5 Nxd5 5. Bg2 Ne7 6. Nf3 Nbc6 7. b4 a6 8. a3
g6 9. d3 Bg7 10. Bb2 O-O 11. O-O h6 12. Ne4 Rb8 13. Rc1 b6 14. Qc2 Bb7 15. Ned2
Qd7 16. Rfd1 Rbc8 17. Nc4 Qd5 18. Ncxe5 Qa2 19. Nxc6 Bxc6 20. Bxg7 Qxc2 21.
Rxc2 Kxg7 22. Rdc1 Bxf3 23. Bxf3 Nf5 24. Rxc7 Rxc7 25. Rxc7 Nd4 26. Kg2 Nb5 27.
Rb7 Nxa3 28. Rxb6 Nc2 1-0

[Event "42. Torneo Capablanca In Memoriam-Open"]
[Site "La Habana CUB"]
[Date "2007.05.18"]
[Round "1.28"]
[White "Ortega, Mariano"]
[Black "Vigoa Apecheche, Yanira"]
[Result "1-0"]
[WhiteElo "2417"]
[BlackElo "2217"]
[PlyCount "169"]
[EventDate "2007.05.18"]
[EventType "swiss"]
[EventRounds "9"]
[EventCountry "CUB"]
[Source "lmi"]
[SourceDate "2007.05.18"]

1. d4 Nf6 2. Nf3 g6 3. c4 Bg7 4. Nc3 O-O 5. e4 d6 6. Be2 e5 7. O-O Nc6 8. d5
Ne7 9. b4 Nh5 10. Re1 f5 11. Ng5 Nf6 12. Bf3 f4 13. Bb2 h6 14. Ne6 Bxe6 15.
dxe6 Nh7 16. c5 dxc5 17. bxc5 Ng5 18. h4 Nxf3+ 19. Qxf3 c6 20. Red1 Qa5 21. Rd7
Rfe8 22. Ne2 Qb4 23. Ba3 Qc4 24. Rxb7 Qxe6 25. Qb3 Qxb3 26. Rxb3 Red8 27. Bb4
a5 28. Bc3 Rd3 29. f3 h5 30. Be1 Rd7 31. Rab1 Bf6 32. Rb7 Rd3 33. R7b3 Rd7 34.
Rb7 Rd3 35. R7b3 Rd7 36. g3 fxg3 37. Bxg3 Rd2 38. R3b2 Rad8 39. Kf2 R8d3 40.
Rxd2 Rxd2 41. a3 Rd3 42. Ra1 a4 43. Ra2 Kf7 44. Kg2 Nc8 45. Be1 Na7 46. Kg3 Nb5
47. Bb4 Rd1 48. Rc2 Ke6 49. Nc3 Nd4 50. Rf2 Rh1 51. Kg2 Bxh4 52. Rb2 Rc1 53.
Nxa4 Be7 54. Bc3 Nb5 55. Bb4 Ra1 56. Rb3 Bg5 57. Nc3 Nxc3 58. Rxc3 Ra2+ 59. Kg1
h4 60. Rd3 Be7 61. Kh1 Rc2 62. Rd2 Rxd2 63. Bxd2 Bxc5 64. a4 Be7 65. Bc3 c5 66.
a5 Kd6 67. Bxe5+ Kc6 68. Bc3 Bd8 69. Kg2 Kb5 70. e5 Be7 71. f4 Ka6 72. Kh3 c4
73. Kg4 Kb5 74. Be1 Ka6 75. e6 Ka7 76. Bxh4 Bxh4 77. Kxh4 c3 78. e7 c2 79. e8=Q
c1=Q 80. Qe5 Qg1 81. Qc7+ Ka8 82. a6 Qf2+ 83. Kg5 Qg3+ 84. Kf6 Qg5+ 85. Kg7 1-0

[Event "42. Torneo Capablanca In Memoriam-Open"]
[Site "La Habana CUB"]
[Date "2007.05.18"]
[Round "1.29"]
[White "Perez Rodriguez, Jennifer"]
[Black "Needleman, Gaston"]
[Result "0-1"]
[WhiteElo "2194"]
[BlackElo "2416"]
[PlyCount "76"]
[EventDate "2007.05.18"]
[EventType "swiss"]
[EventRounds "9"]
[EventCountry "CUB"]
[Source "lmi"]
[SourceDate "2007.05.18"]

1. e4 c5 2. c3 d5 3. exd5 Nf6 4. d4 cxd4 5. cxd4 Nxd5 6. Nf3 g6 7. Nc3 Bg7 8.
Bc4 Nxc3 9. bxc3 O-O 10. O-O Nc6 11. Re1 Na5 12. Bd3 Be6 13. Ng5 Bc4 14. Ba3
Bf6 15. Ne4 Re8 16. Bb4 Bxd3 17. Qxd3 Bg7 18. Qb5 Nc6 19. Qxb7 Qd5 20. Bc5 Rab8
21. Qa6 Red8 22. Qa3 e5 23. Bd6 Rbc8 24. Qc5 Qxc5 25. dxc5 f5 26. Ng5 Re8 27.
Rab1 e4 28. Rb7 Ne5 29. Rxa7 h6 30. Nh3 g5 31. Rb1 Nd3 32. Rbb7 Bxc3 33. Rh7
Re6 34. Rhe7 Rxe7 35. Rxe7 Bd4 36. g4 fxg4 37. Rxe4 gxh3 38. Rxd4 Re8 0-1

[Event "42. Torneo Capablanca In Memoriam-Open"]
[Site "La Habana CUB"]
[Date "2007.05.18"]
[Round "1.30"]
[White "Fernandez, Alexey"]
[Black "Corrales Jimenez, Zenia"]
[Result "1-0"]
[WhiteElo "2414"]
[BlackElo "2185"]
[PlyCount "99"]
[EventDate "2007.05.18"]
[EventType "swiss"]
[EventRounds "9"]
[EventCountry "CUB"]
[Source "lmi"]
[SourceDate "2007.05.18"]

1. e4 e5 2. Nf3 Nf6 3. d4 Nxe4 4. Bd3 d5 5. dxe5 Nc6 6. O-O Be7 7. Bf4 Nc5 8.
Nc3 Nxd3 9. Qxd3 Nb4 10. Qd2 c6 11. Bg5 O-O 12. Qf4 Na6 13. Rad1 f6 14. exf6
Bxf6 15. Qg3 Bf5 16. Bxf6 Qxf6 17. Nd4 Nb4 18. Rd2 Rae8 19. a3 Na6 20. b4 Qe5
21. b5 Nb8 22. bxc6 bxc6 23. Qxe5 Rxe5 24. Na4 Rf6 25. Rb1 Nd7 26. f3 c5 27.
Nxf5 Rfxf5 28. Rb7 Nb6 29. Nxb6 axb6 30. Rxb6 d4 31. a4 Re1+ 32. Kf2 Ra1 33.
Ra6 Ra2 34. Re2 c4 35. Ra7 h6 36. h4 Rf7 37. Re8+ Rf8 38. Ree7 Rxc2+ 39. Kg3
Rf6 40. Rxg7+ Kf8 41. Rh7 Kg8 42. Rag7+ Kf8 43. Rc7 Kg8 44. Rhd7 d3 45. a5 d2
46. a6 Ra2 47. a7 Rf7 48. Rxd2 Rxa7 49. Rxc4 Kh7 50. Rc6 1-0

[Event "42. Torneo Capablanca In Memoriam-Open"]
[Site "La Habana CUB"]
[Date "2007.05.18"]
[Round "1.31"]
[White "Diaz Hernandez, Heriberto"]
[Black "Blanco, Humberto"]
[Result "1/2-1/2"]
[WhiteElo "2167"]
[BlackElo "2405"]
[PlyCount "49"]
[EventDate "2007.05.18"]
[EventType "swiss"]
[EventRounds "9"]
[EventCountry "CUB"]
[Source "lmi"]
[SourceDate "2007.05.18"]

1. e4 d6 2. d4 Nf6 3. Nc3 e5 4. dxe5 dxe5 5. Qxd8+ Kxd8 6. Bg5 Be6 7. Nf3 Nbd7
8. O-O-O Kc8 9. Bh4 h6 10. Bb5 Bd6 11. Rhe1 Ne8 12. Ba4 f6 13. Bb3 Bxb3 14.
axb3 c6 15. Re2 Kc7 16. Red2 Nf8 17. Bg3 Rd8 18. Nh4 g6 19. Kb1 Ng7 20. f4 Nge6
21. f5 gxf5 22. Nxf5 Bc5 23. Rxd8 Nxd8 24. Na4 Nfe6 25. Bh4 1/2-1/2

[Event "42. Torneo Capablanca In Memoriam-Open"]
[Site "La Habana CUB"]
[Date "2007.05.18"]
[Round "1.32"]
[White "Santos, Marcus Vinicius Mor"]
[Black "Fleitas Marti, Yuleikis"]
[Result "1-0"]
[WhiteElo "2401"]
[BlackElo "2165"]
[PlyCount "71"]
[EventDate "2007.05.18"]
[EventType "swiss"]
[EventRounds "9"]
[EventCountry "CUB"]
[Source "lmi"]
[SourceDate "2007.05.18"]

1. d4 d5 2. c4 c6 3. Nc3 Nf6 4. e3 Bf5 5. cxd5 Nxd5 6. Bc4 e6 7. Nge2 Nb6 8.
Bb3 Be7 9. e4 Bg4 10. f3 Bh5 11. Ng3 Bh4 12. O-O Bxg3 13. hxg3 g5 14. e5 Bg6
15. Ne4 Bxe4 16. fxe4 h5 17. Qf3 Qe7 18. Be3 N8d7 19. Rf2 Rh7 20. Raf1 O-O-O
21. Qe2 Kb8 22. a4 a6 23. Qd2 Rg8 24. d5 exd5 25. exd5 cxd5 26. a5 Nc4 27. Bxc4
dxc4 28. Qd4 Qxe5 29. Qa7+ Kc8 30. Rc1 Qb5 31. Rfc2 Rg6 32. Qa8+ Nb8 33. Ba7
Qe5 34. Bxb8 Qe3+ 35. Kh2 Kd7 36. Qxb7+ 1-0

[Event "42. Torneo Capablanca In Memoriam-Open"]
[Site "La Habana CUB"]
[Date "2007.05.18"]
[Round "1.33"]
[White "Frometa Castillo, Zirka"]
[Black "Martinez, Lelys"]
[Result "0-1"]
[WhiteElo "2164"]
[BlackElo "2400"]
[PlyCount "72"]
[EventDate "2007.05.18"]
[EventType "swiss"]
[EventRounds "9"]
[EventCountry "CUB"]
[Source "lmi"]
[SourceDate "2007.05.18"]

1. d4 Nf6 2. Nf3 g6 3. Nbd2 d5 4. e3 Bg7 5. Bd3 O-O 6. O-O Nbd7 7. b3 e5 8.
dxe5 Ng4 9. Bb2 Ngxe5 10. Nxe5 Nxe5 11. Rb1 c5 12. Be2 Bf5 13. Nf3 Nc6 14. Bxg7
Kxg7 15. Bd3 Be4 16. Bxe4 dxe4 17. Nd2 Qh4 18. g3 Qe7 19. Qe2 h5 20. a4 h4 21.
Nc4 Nd8 22. Qg4 f5 23. Qf4 Nf7 24. Rbd1 Rad8 25. Kg2 Rh8 26. Rxd8 h3+ 27. Kg1
Rxd8 28. f3 exf3 29. Rxf3 Ng5 30. Rf1 Qe4 31. Qxe4 Nxe4 32. Rf4 Kf6 33. Rf1 Ke6
34. Rf4 b6 35. Rf1 a6 36. Nxb6 Rd2 0-1

[Event "42. Torneo Capablanca In Memoriam-Open"]
[Site "La Habana CUB"]
[Date "2007.05.18"]
[Round "1.34"]
[White "Guerra Mendez, Jose Angel"]
[Black "Quezada Perez, Yasser"]
[Result "1-0"]
[WhiteElo "2399"]
[BlackElo "2155"]
[PlyCount "57"]
[EventDate "2007.05.18"]
[EventType "swiss"]
[EventRounds "9"]
[EventCountry "CUB"]
[Source "lmi"]
[SourceDate "2007.05.18"]

1. e4 e5 2. Nf3 Nc6 3. Bb5 a6 4. Ba4 Nf6 5. O-O Nxe4 6. d4 b5 7. Bb3 d5 8. dxe5
Be6 9. Nbd2 Be7 10. c3 O-O 11. Bc2 f5 12. Nb3 Qd7 13. Nfd4 Nxd4 14. Nxd4 c5 15.
Nxe6 Qxe6 16. f3 Ng5 17. a4 g6 18. Bxg5 Bxg5 19. f4 Be7 20. Kh1 Rfd8 21. g4 b4
22. gxf5 gxf5 23. Qh5 Rf8 24. Rf3 Rf7 25. Rg1+ Kh8 26. Rfg3 d4 27. Qf3 Rff8 28.
Rg7 dxc3 29. Qh5 1-0

[Event "42. Torneo Capablanca In Memoriam-Open"]
[Site "La Habana CUB"]
[Date "2007.05.18"]
[Round "1.35"]
[White "Altamirano Gonzalez, Yehudi"]
[Black "Iturrizaga, Eduardo"]
[Result "0-1"]
[WhiteElo "2138"]
[BlackElo "2398"]
[PlyCount "68"]
[EventDate "2007.05.18"]
[EventType "swiss"]
[EventRounds "9"]
[EventCountry "CUB"]
[Source "lmi"]
[SourceDate "2007.05.18"]

1. e4 c5 2. Nf3 Nc6 3. d4 cxd4 4. Nxd4 g6 5. c4 Nf6 6. Nc3 d6 7. Be2 Nxd4 8.
Qxd4 Bg7 9. O-O O-O 10. Qd3 Nd7 11. Be3 b6 12. Rfd1 Bb7 13. f3 Rc8 14. b3 f5
15. exf5 gxf5 16. Rac1 f4 17. Bd4 Ne5 18. Qd2 Qe8 19. Nd5 Qf7 20. Rf1 e6 21.
Nc3 Rcd8 22. Nb5 Ba8 23. a4 Kh8 24. a5 a6 25. Nc3 bxa5 26. Ra1 Nc6 27. Bxg7+
Qxg7 28. Bd3 Nd4 29. Qd1 Nxf3+ 30. Rxf3 Bxf3 31. Qxf3 Qxc3 32. Rf1 d5 33. Qh3
Qg7 34. Qxe6 Qd4+ 0-1

[Event "42. Torneo Capablanca In Memoriam-Open"]
[Site "La Habana CUB"]
[Date "2007.05.18"]
[Round "1.37"]
[White "Cardenas Ballester, Maidelin"]
[Black "Diamant, Andre"]
[Result "1/2-1/2"]
[WhiteElo "2098"]
[BlackElo "2384"]
[PlyCount "74"]
[EventDate "2007.05.18"]
[EventType "swiss"]
[EventRounds "9"]
[EventCountry "CUB"]
[Source "lmi"]
[SourceDate "2007.05.18"]

1. e4 c5 2. Nf3 e6 3. d4 cxd4 4. c3 Nf6 5. e5 Nd5 6. cxd4 d6 7. Nc3 Nxc3 8.
bxc3 Qc7 9. Qb3 Bd7 10. Ba3 Bc6 11. Bb5 Bxb5 12. Qxb5+ Qc6 13. Qxc6+ Nxc6 14.
exd6 Rd8 15. Ne5 Nb8 16. Rb1 b6 17. d7+ Nxd7 18. Bxf8 Rxf8 19. Nxd7 Kxd7 20.
Ke2 Rc8 21. Kd3 Rc6 22. Rhc1 Rfc8 23. c4 Ke7 24. a4 Rd6 25. Ke4 f5+ 26. Ke3
Rcd8 27. Rd1 e5 28. d5 Rc8 29. Kd3 Rh6 30. a5 bxa5 31. Rb7+ Kd6 32. Rxa7 Rh4
33. Ra6+ Kd7 34. Ra7+ Kd6 35. Ra6+ Kd7 36. Ra7+ Kd6 37. Ra6+ Kd7 1/2-1/2

[Event "42. Torneo Capablanca In Memoriam-Open"]
[Site "La Habana CUB"]
[Date "2007.05.18"]
[Round "1.39"]
[White "Beltre, Pedro"]
[Black "Pazos Gambarrotti, Plinio"]
[Result "0-1"]
[WhiteElo "1966"]
[BlackElo "2375"]
[PlyCount "62"]
[EventDate "2007.05.18"]
[EventType "swiss"]
[EventRounds "9"]
[EventCountry "CUB"]
[Source "lmi"]
[SourceDate "2007.05.18"]

1. e4 e5 2. Nf3 Nc6 3. Bb5 f5 4. d3 Nf6 5. O-O d6 6. Re1 fxe4 7. dxe4 Be7 8.
Nc3 a6 9. Be2 O-O 10. Bc4+ Kh8 11. Ng5 Qe8 12. Nd5 Bd8 13. c3 h6 14. Nxf6 Bxf6
15. Nf3 Bg4 16. Be2 Qg6 17. Qd3 Nd8 18. Be3 Be7 19. Nd2 Bd7 20. a4 Ne6 21. g3
Rf7 22. b4 Raf8 23. b5 Bc8 24. Ra2 Bg5 25. Bxg5 Nxg5 26. f3 Nh3+ 27. Kf1 Nf4
28. gxf4 Bh3+ 29. Kf2 Qg2+ 30. Ke3 exf4+ 31. Kd4 Qf2+ 0-1

[Event "42. Torneo Capablanca In Memoriam-Open"]
[Site "La Habana CUB"]
[Date "2007.05.18"]
[Round "1.40"]
[White "Alonso Garcia, Rene"]
[Black "Moya Hernandez, Yuleisys"]
[Result "1-0"]
[WhiteElo "2368"]
[BlackElo "2115"]
[PlyCount "95"]
[EventDate "2007.05.18"]
[EventType "swiss"]
[EventRounds "9"]
[EventCountry "CUB"]
[Source "lmi"]
[SourceDate "2007.05.18"]

1. d4 Nf6 2. Nf3 g6 3. g3 Bg7 4. Bg2 O-O 5. O-O d6 6. b3 c5 7. Bb2 Nc6 8. c4
Rb8 9. Nc3 cxd4 10. Nxd4 Bd7 11. Rc1 Qc8 12. Nd5 Qd8 13. Nxc6 Bxc6 14. Nxf6+
Bxf6 15. Bxf6 exf6 16. Qd4 Qe7 17. e3 Bxg2 18. Kxg2 b6 19. Rfd1 Rfd8 20. Qf4
Qe5 21. Qf3 Rd7 22. Rd4 Rbd8 23. Rcd1 f5 24. Rd5 Qe6 25. Qf4 Kg7 26. R1d4 Qf6
27. h3 h6 28. Kh2 Qe6 29. e4 fxe4 30. Rxe4 Qf6 31. Qd2 Kh7 32. Rf4 Qg7 33. Rfd4
Qf6 34. Re4 Qg7 35. b4 Qf6 36. Rf4 Qe7 37. Qd4 f5 38. g4 fxg4 39. hxg4 Rc8 40.
Kg2 Rf8 41. Rxf8 Qxf8 42. c5 bxc5 43. bxc5 Qa8 44. Kg3 Rf7 45. cxd6 Qf8 46. d7
Qd8 47. Rd6 h5 48. Qe4 1-0

[Event "42. Torneo Capablanca In Memoriam-Open"]
[Site "La Habana CUB"]
[Date "2007.05.19"]
[Round "2.1"]
[White "Hernandez Carmenates, Holden"]
[Black "Ortega, Mariano"]
[Result "1/2-1/2"]
[WhiteElo "2541"]
[BlackElo "2417"]
[PlyCount "66"]
[EventDate "2007.05.18"]
[EventType "swiss"]
[EventRounds "9"]
[EventCountry "CUB"]
[Source "lmi"]
[SourceDate "2007.05.18"]

1. Nf3 Nf6 2. c4 b6 3. g3 Bb7 4. Bg2 e6 5. O-O Be7 6. b3 O-O 7. Bb2 c5 8. Nc3
d5 9. cxd5 Nxd5 10. d4 cxd4 11. Nxd4 Nxc3 12. Bxc3 Bxg2 13. Kxg2 Qd5+ 14. Nf3
Qe4 15. Qd4 Qxd4 16. Nxd4 Rc8 17. Rac1 Nc6 18. Nxc6 Rxc6 19. Be5 Rxc1 20. Rxc1
f6 21. Bd4 e5 22. Be3 Bd6 23. Rc6 Rd8 24. a4 Rd7 25. g4 Kf7 26. Kf3 Ke6 27. Bc1
Rc7 28. Rxc7 Bxc7 29. e4 a6 30. Ke2 Bd6 31. f3 b5 32. Be3 Bb4 33. Kd3 Kd6
1/2-1/2

[Event "42. Torneo Capablanca In Memoriam-Open"]
[Site "La Habana CUB"]
[Date "2007.05.19"]
[Round "2.2"]
[White "Needleman, Gaston"]
[Black "Horvath, Csaba"]
[Result "0-1"]
[WhiteElo "2416"]
[BlackElo "2538"]
[PlyCount "52"]
[EventDate "2007.05.18"]
[EventType "swiss"]
[EventRounds "9"]
[EventCountry "CUB"]
[Source "lmi"]
[SourceDate "2007.05.18"]

1. e4 c5 2. Nf3 e6 3. d4 cxd4 4. Nxd4 a6 5. Bd3 Bc5 6. Nb3 Be7 7. Be3 d6 8.
N1d2 Nf6 9. f4 Nc6 10. Qf3 Nb4 11. O-O O-O 12. Bd4 Nxd3 13. cxd3 Bd7 14. e5 Nd5
15. Ne4 dxe5 16. fxe5 Bc6 17. Qg3 Kh8 18. Rf2 Bh4 19. Qg4 Bxf2+ 20. Bxf2 f5 21.
exf6 Nxf6 22. Qxe6 Nxe4 23. dxe4 Rxf2 24. Kxf2 Qb6+ 25. Kg3 Qe3+ 26. Kg4 Re8
0-1

[Event "42. Torneo Capablanca In Memoriam-Open"]
[Site "La Habana CUB"]
[Date "2007.05.19"]
[Round "2.3"]
[White "Fernandez, Alexey"]
[Black "De La Paz Perdomo, Frank"]
[Result "0-1"]
[WhiteElo "2414"]
[BlackElo "2474"]
[PlyCount "114"]
[EventDate "2007.05.18"]
[EventType "swiss"]
[EventRounds "9"]
[EventCountry "CUB"]
[Source "lmi"]
[SourceDate "2007.05.18"]

1. e4 e5 2. Nf3 Nc6 3. Bb5 a6 4. Ba4 Nf6 5. O-O Be7 6. Re1 b5 7. Bb3 O-O 8. c3
d6 9. h3 Bb7 10. d4 Re8 11. Nbd2 Bf8 12. a4 h6 13. Bc2 Qd7 14. axb5 axb5 15.
Rxa8 Bxa8 16. d5 Ne7 17. Nf1 c6 18. dxc6 Bxc6 19. Ng3 Ng6 20. Nh2 d5 21. exd5
Qxd5 22. Qxd5 Bxd5 23. Ng4 Nxg4 24. hxg4 b4 25. Rd1 Be6 26. Bf5 Bb3 27. Rd7 Nh4
28. cxb4 Nxf5 29. gxf5 Rb8 30. Be3 Bxb4 31. Ba7 Rb5 32. f6 gxf6 33. Nh5 f5 34.
f4 Be6 35. Rd8+ Kh7 36. Bf2 Kg6 37. Ng3 f6 38. Re8 Kf7 39. Ra8 Be7 40. Ra7 Bc8
41. Rc7 Be6 42. fxe5 Rxe5 43. b4 f4 44. Nf1 Ke8 45. Rb7 Bd5 46. Rb8+ Kd7 47.
Rh8 Rg5 48. g3 fxg3 49. Nxg3 Bd6 50. Kh2 Rh5+ 51. Kg1 Rh3 52. Rh7+ Ke8 53. Rh8+
Kd7 54. Rh7+ Ke6 55. Rg7 Bxb4 56. Be3 Bf8 57. Rg8 Kf7 0-1

[Event "42. Torneo Capablanca In Memoriam-Open"]
[Site "La Habana CUB"]
[Date "2007.05.19"]
[Round "2.4"]
[White "Fernandez Garcia, Jose Luis"]
[Black "Santos, Marcus Vinicius Mor"]
[Result "1/2-1/2"]
[WhiteElo "2467"]
[BlackElo "2401"]
[PlyCount "67"]
[EventDate "2007.05.18"]
[EventType "swiss"]
[EventRounds "9"]
[EventCountry "CUB"]
[Source "lmi"]
[SourceDate "2007.05.18"]

1. e4 e5 2. Bc4 Nf6 3. d3 d5 4. exd5 Nxd5 5. Nf3 Nc6 6. O-O Bg4 7. h3 Bh5 8.
Re1 Be7 9. Bb5 O-O 10. Bxc6 bxc6 11. Rxe5 f5 12. Nbd2 Bd6 13. Re1 Qf6 14. Nc4
Rae8 15. Rxe8 Rxe8 16. Bd2 Nf4 17. Bxf4 Bxf4 18. c3 Qe6 19. Nd4 Qg6 20. Qb3 Kh8
21. Qb7 c5 22. Nf3 c6 23. Nfd2 h6 24. Qxa7 Re2 25. Rd1 Rxf2 26. Kxf2 Qg3+ 27.
Kf1 Qxd3+ 28. Kg1 Bxd1 29. Qxc5 Bxd2 30. Nxd2 Qxd2 31. Qf8+ Kh7 32. Qxf5+ Kh8
33. Qc8+ Kh7 34. Qf5+ 1/2-1/2

[Event "42. Torneo Capablanca In Memoriam-Open"]
[Site "La Habana CUB"]
[Date "2007.05.19"]
[Round "2.5"]
[White "Martinez, Lelys"]
[Black "Rasmussen, Karsten"]
[Result "1/2-1/2"]
[WhiteElo "2400"]
[BlackElo "2462"]
[PlyCount "93"]
[EventDate "2007.05.18"]
[EventType "swiss"]
[EventRounds "9"]
[EventCountry "CUB"]
[Source "lmi"]
[SourceDate "2007.05.18"]

1. e4 c6 2. d4 d5 3. e5 Bf5 4. Nf3 e6 5. Be2 Nd7 6. O-O Bg6 7. b3 Nh6 8. c4 Nf5
9. Nc3 Bb4 10. Bg5 Qa5 11. Na4 h6 12. Bc1 Qd8 13. cxd5 cxd5 14. Bd2 Be7 15. g4
Nh4 16. Nxh4 Bxh4 17. Bb4 h5 18. Bb5 b6 19. Rc1 hxg4 20. Bd6 Qg5 21. Bxd7+ Kxd7
22. Rc7+ Kd8 23. Be7+ Qxe7 24. Rxe7 Bxe7 25. Nc3 Bf5 26. Nb5 Kd7 27. Nd6 Bxd6
28. exd6 Kxd6 29. Qd2 Rhc8 30. Qg5 Rc7 31. Qxg7 Rac8 32. b4 Kc6 33. a4 Kb7 34.
a5 b5 35. Qe5 Rd7 36. Ra1 a6 37. Re1 Rc4 38. h4 gxh3 39. Kh2 Rxb4 40. Rg1 Rb2
41. Qf4 Rc2 42. Rg8 Rdc7 43. Qd6 R2c6 44. Qb4 Rc4 45. Qd6 R4c6 46. Qb4 Rc4 47.
Qd6 1/2-1/2

[Event "42. Torneo Capablanca In Memoriam-Open"]
[Site "La Habana CUB"]
[Date "2007.05.19"]
[Round "2.6"]
[White "Perez Rodriguez, Luis Manuel"]
[Black "Guerra Mendez, Jose Angel"]
[Result "0-1"]
[WhiteElo "2455"]
[BlackElo "2399"]
[PlyCount "75"]
[EventDate "2007.05.18"]
[EventType "swiss"]
[EventRounds "9"]
[EventCountry "CUB"]
[Source "lmi"]
[SourceDate "2007.05.18"]

1. e4 e5 2. Nf3 Nc6 3. Bb5 a6 4. Ba4 Nf6 5. d4 exd4 6. O-O Be7 7. Re1 b5 8. Bb3
d6 9. Bd5 Nxd5 10. exd5 Ne5 11. Nxd4 O-O 12. a4 Bg4 13. Qd2 Bd7 14. Nc3 b4 15.
Nce2 Qb8 16. b3 Re8 17. Bb2 Qb7 18. c4 bxc3 19. Nxc3 Ng6 20. Red1 Bf6 21. Rab1
Be5 22. Ba1 Nf4 23. Qc2 Rac8 24. Nde2 Bg4 25. f3 Qb6+ 26. Kf1 Nh3 27. gxh3
Bxh3+ 28. Ke1 Bxh2 29. Ne4 f5 30. Bd4 c5 31. dxc6 Rxc6 32. Qd2 Qc7 33. N4c3 Qe7
34. Nd5 Qh4+ 35. Bf2 Bg3 36. Qd4 Bxf2+ 37. Qxf2 Rxe2+ 38. Kxe2 0-1

[Event "42. Torneo Capablanca In Memoriam-Open"]
[Site "La Habana CUB"]
[Date "2007.05.19"]
[Round "2.7"]
[White "Iturrizaga, Eduardo"]
[Black "Leon Hoyos, Manuel"]
[Result "1/2-1/2"]
[WhiteElo "2398"]
[BlackElo "2454"]
[PlyCount "90"]
[EventDate "2007.05.18"]
[EventType "swiss"]
[EventRounds "9"]
[EventCountry "CUB"]
[Source "lmi"]
[SourceDate "2007.05.18"]

1. e4 c5 2. Nf3 d6 3. d4 cxd4 4. Nxd4 Nf6 5. Nc3 a6 6. h3 g6 7. g4 Bg7 8. Bg2
O-O 9. O-O Nc6 10. Nde2 Nd7 11. f4 b5 12. Nd5 Bb7 13. f5 e6 14. Ndf4 Nc5 15. c3
Ne5 16. Qc2 Qe7 17. g5 gxf5 18. exf5 Qxg5 19. Nd5 Qd8 20. f6 Bxd5 21. fxg7 Kxg7
22. Bxd5 exd5 23. Qf5 Kh8 24. Be3 Rg8+ 25. Kh1 Ne4 26. Qh5 Qc8 27. Kh2 Qc4 28.
Rae1 Rg7 29. Bh6 Rg6 30. Nf4 Ng3 31. Nxg6+ hxg6 32. Qg5 Nxf1+ 33. Kg2 Kh7 34.
Rxf1 f5 35. Qd2 Re8 36. Rf4 Qc6 37. Rd4 Nc4 38. Qg5 Re2+ 39. Kf3 Re4 40. Qf6
Qb7 41. Bf4 Rxd4 42. cxd4 Nxb2 43. Bxd6 Qg7 44. Qh4+ Qh6 45. Qe7+ Qg7 1/2-1/2

[Event "42. Torneo Capablanca In Memoriam-Open"]
[Site "La Habana CUB"]
[Date "2007.05.19"]
[Round "2.8"]
[White "Alvarez Pedraza, Aramis"]
[Black "Alonso Garcia, Rene"]
[Result "1/2-1/2"]
[WhiteElo "2449"]
[BlackElo "2368"]
[PlyCount "40"]
[EventDate "2007.05.18"]
[EventType "swiss"]
[EventRounds "9"]
[EventCountry "CUB"]
[Source "lmi"]
[SourceDate "2007.05.18"]

1. e4 g6 2. d4 Bg7 3. Nc3 d6 4. Be3 a6 5. Qd2 Nd7 6. f3 b5 7. a4 b4 8. Na2 c5
9. c3 bxc3 10. Nxc3 cxd4 11. Bxd4 Ngf6 12. b4 O-O 13. Bc4 Bb7 14. Ba2 e6 15.
Nge2 Ne5 16. b5 axb5 17. axb5 Nc4 18. Qd3 Ne5 19. Qd2 Nc4 20. Qd3 Ne5 1/2-1/2